[Event "45th FIDE Chess Olympiad Open"]
[Site "Budapest, Hungary"]
[Date "2024.09.21"]
[Round "10"]
[White "Fedoseev, Vladimir"]
[Black "Giri, Anish"]
[Result "1/2-1/2"]
[Board "17"]
[WhiteFideId "24130737"]
[BlackFideId "24116068"]
[WhiteTitle "GM"]
[BlackTitle "GM"]
[WhiteElo "2692"]
[BlackElo "2724"]
[WhiteTeam "Slovenia"]
[BlackTeam "Netherlands"]
[WhiteClock "0:16:04"]
[BlackClock "0:26:27"]
[Variant "Standard"]

1. d4 {[%clk 1:30:37]}  d5 {[%clk 1:30:47]} 2. c4 {[%clk 1:30:56]}  dxc4 {[%clk 1:31:11]} 3. e3 {[%clk 1:26:14]}  Nf6 {[%clk 1:30:43]} 4. Bxc4 {[%clk 1:26:36]}  e6 {[%clk 1:31:08]} 5. Nf3 {[%clk 1:26:09]}  Be7 {[%clk 1:31:31]} 6. Qc2 {[%clk 1:23:54]}  c5 {[%clk 1:26:09]} 7. dxc5 {[%clk 1:23:48]}  Qa5+ {[%clk 1:24:44]} 8. Nbd2 {[%clk 1:22:06]}  O-O {[%clk 1:06:40]} 9. O-O {[%clk 1:16:31]}  Qxc5 {[%clk 1:06:33]} 10. Nb3 {[%clk 1:16:52]}  Qc7 {[%clk 1:06:25]} 11. Bd2 {[%clk 1:08:12]}  Bd7 {[%clk 1:00:26]} 12. Rac1 {[%clk 1:07:03]}  Nc6 {[%clk 0:56:12]} 13. Bd3 {[%clk 1:04:37]}  Rac8 {[%clk 0:53:57]} 14. Qb1 {[%clk 1:03:14]}  Qb8 {[%clk 0:46:10]} 15. Nc5 {[%clk 1:02:49]}  Rfd8 {[%clk 0:45:20]} 16. Nxd7 {[%clk 1:02:47]}  Rxd7 {[%clk 0:45:33]} 17. Bc3 {[%clk 0:53:43]}  h6 {[%clk 0:45:43]} 18. Rfd1 {[%clk 0:53:04]}  Rcd8 {[%clk 0:45:07]} 19. a3 {[%clk 0:49:58]}  Nd5 {[%clk 0:44:52]} 20. Be1 {[%clk 0:50:20]}  Ne5 {[%clk 0:42:06]} 21. Be2 {[%clk 0:48:59]}  Nxf3+ {[%clk 0:42:10]} 22. Bxf3 {[%clk 0:49:21]}  Nf6 {[%clk 0:39:21]} 23. Rxd7 {[%clk 0:49:25]}  Nxd7 {[%clk 0:39:40]} 24. Qc2 {[%clk 0:48:35]}  Bd6 {[%clk 0:36:29]} 25. g3 {[%clk 0:46:24]}  b6 {[%clk 0:36:52]} 26. b4 {[%clk 0:40:32]}  Ne5 {[%clk 0:35:05]} 27. Be4 {[%clk 0:32:29]}  b5 {[%clk 0:35:23]} 28. Bg2 {[%clk 0:24:37]}  Be7 {[%clk 0:34:34]} 29. Be4 {[%clk 0:19:04]}  Nc4 {[%clk 0:26:55]} 30. a4 {[%clk 0:18:19]}  Nd6 {[%clk 0:27:13]} 31. Bc6 {[%clk 0:16:42]}  Rc8 {[%clk 0:26:27]} 32. Qd1 {[%clk 0:16:04]} 1/2-1/2

[Event "45th FIDE Chess Olympiad Open"]
[Site "Budapest, Hungary"]
[Date "2024.09.21"]
[Round "10"]
[White "Van Foreest, Jorden"]
[Black "Demchenko, Anton"]
[Result "1/2-1/2"]
[Board "18"]
[WhiteFideId "1039784"]
[BlackFideId "4160258"]
[WhiteTitle "GM"]
[BlackTitle "GM"]
[WhiteElo "2696"]
[BlackElo "2597"]
[WhiteTeam "Netherlands"]
[BlackTeam "Slovenia"]
[WhiteClock "0:31:59"]
[BlackClock "0:31:20"]
[Variant "Standard"]

1. e4 {[%clk 1:30:54]}  e5 {[%clk 1:30:56]} 2. Nc3 {[%clk 1:31:05]}  Bc5 {[%clk 1:24:35]} 3. f4 {[%clk 1:30:23]}  d6 {[%clk 1:23:52]} 4. Nf3 {[%clk 1:30:42]}  Nf6 {[%clk 1:21:33]} 5. Bc4 {[%clk 1:29:14]}  O-O {[%clk 1:18:26]} 6. d3 {[%clk 1:28:31]}  c6 {[%clk 1:13:23]} 7. fxe5 {[%clk 1:20:01]}  dxe5 {[%clk 1:13:51]} 8. Qe2 {[%clk 1:20:22]}  b5 {[%clk 1:08:25]} 9. Bb3 {[%clk 1:20:44]}  Bg4 {[%clk 1:08:35]} 10. a4 {[%clk 1:18:24]}  Qb6 {[%clk 0:53:06]} 11. h3 {[%clk 0:59:28]}  Be6 {[%clk 0:53:02]} 12. Bxe6 {[%clk 0:54:37]}  fxe6 {[%clk 0:53:27]} 13. a5 {[%clk 0:54:10]}  Qc7 {[%clk 0:52:10]} 14. Be3 {[%clk 0:54:36]}  Bxe3 {[%clk 0:47:12]} 15. Qxe3 {[%clk 0:55:01]}  a6 {[%clk 0:47:40]} 16. Qb6 {[%clk 0:46:14]}  Qd6 {[%clk 0:46:08]} 17. O-O {[%clk 0:46:23]}  Nbd7 {[%clk 0:46:02]} 18. Qe3 {[%clk 0:46:38]}  c5 {[%clk 0:46:13]} 19. Ne2 {[%clk 0:44:05]}  h6 {[%clk 0:41:45]} 20. Nd2 {[%clk 0:41:50]}  Rf7 {[%clk 0:40:19]} 21. c4 {[%clk 0:34:50]}  b4 {[%clk 0:40:38]} 22. Nc1 {[%clk 0:33:26]}  Raf8 {[%clk 0:36:19]} 23. Ncb3 {[%clk 0:33:48]}  Kh7 {[%clk 0:35:21]} 24. Rf3 {[%clk 0:33:29]}  Ng8 {[%clk 0:35:38]} 25. Raf1 {[%clk 0:30:57]}  Rxf3 {[%clk 0:32:09]} 26. Rxf3 {[%clk 0:31:22]}  Rxf3 {[%clk 0:30:53]} 27. Qxf3 {[%clk 0:31:47]}  Ngf6 {[%clk 0:30:18]} 28. Qe3 {[%clk 0:31:17]}  Ng8 {[%clk 0:30:30]} 29. Qf3 {[%clk 0:31:42]}  Ngf6 {[%clk 0:30:56]} 30. Qe3 {[%clk 0:31:59]}  Ng8 {[%clk 0:31:20]} 1/2-1/2

[Event "45th FIDE Chess Olympiad Open"]
[Site "Budapest, Hungary"]
[Date "2024.09.21"]
[Round "10"]
[White "Subelj, Jan"]
[Black "L'Ami, Erwin"]
[Result "1/2-1/2"]
[Board "19"]
[WhiteFideId "14618583"]
[BlackFideId "1007998"]
[WhiteTitle "GM"]
[BlackTitle "GM"]
[WhiteElo "2498"]
[BlackElo "2628"]
[WhiteTeam "Slovenia"]
[BlackTeam "Netherlands"]
[WhiteClock "0:09:26"]
[BlackClock "0:01:28"]
[Variant "Standard"]

1. e4 {[%clk 1:30:42]}  e5 {[%clk 1:30:51]} 2. Nf3 {[%clk 1:30:52]}  Nc6 {[%clk 1:31:04]} 3. Bb5 {[%clk 1:30:53]}  a6 {[%clk 1:31:14]} 4. Ba4 {[%clk 1:30:32]}  Nf6 {[%clk 1:31:34]} 5. Nc3 {[%clk 1:30:07]}  b5 {[%clk 1:25:29]} 6. Bb3 {[%clk 1:30:26]}  Bc5 {[%clk 1:24:00]} 7. Nd5 {[%clk 1:28:47]}  d6 {[%clk 1:20:26]} 8. O-O {[%clk 1:28:05]}  h6 {[%clk 1:07:27]} 9. c3 {[%clk 1:25:39]}  O-O {[%clk 1:04:54]} 10. d4 {[%clk 1:20:26]}  Ba7 {[%clk 1:03:28]} 11. Nxf6+ {[%clk 1:17:01]}  Qxf6 {[%clk 1:03:51]} 12. Bd5 {[%clk 1:16:38]}  Bd7 {[%clk 0:56:22]} 13. Be3 {[%clk 1:16:39]}  Rad8 {[%clk 0:54:20]} 14. Bxc6 {[%clk 0:57:12]}  Bxc6 {[%clk 0:54:31]} 15. d5 {[%clk 0:57:32]}  Bxe3 {[%clk 0:54:35]} 16. dxc6 {[%clk 0:57:38]}  Bb6 {[%clk 0:53:40]} 17. Qd5 {[%clk 0:57:41]}  Rde8 {[%clk 0:43:06]} 18. Rfd1 {[%clk 0:48:36]}  Kh7 {[%clk 0:36:34]} 19. a4 {[%clk 0:48:01]}  Qf4 {[%clk 0:31:47]} 20. axb5 {[%clk 0:46:00]}  axb5 {[%clk 0:32:12]} 21. Re1 {[%clk 0:44:49]}  b4 {[%clk 0:28:10]} 22. cxb4 {[%clk 0:44:14]}  f5 {[%clk 0:28:02]} 23. Ra3 {[%clk 0:33:58]}  fxe4 {[%clk 0:24:16]} 24. g3 {[%clk 0:33:46]}  Qf7 {[%clk 0:21:58]} 25. Qxe4+ {[%clk 0:32:01]}  Kg8 {[%clk 0:21:32]} 26. Rd1 {[%clk 0:31:26]}  Re6 {[%clk 0:21:00]} 27. Kg2 {[%clk 0:25:16]}  Rf6 {[%clk 0:20:04]} 28. h4 {[%clk 0:22:15]}  g6 {[%clk 0:18:01]} 29. Rd5 {[%clk 0:18:52]}  Qe6 {[%clk 0:15:04]} 30. Rd2 {[%clk 0:18:07]}  Kg7 {[%clk 0:14:01]} 31. Re2 {[%clk 0:16:34]}  h5 {[%clk 0:09:07]} 32. Rd3 {[%clk 0:14:26]}  Qg4 {[%clk 0:07:22]} 33. Qxg4 {[%clk 0:13:12]}  hxg4 {[%clk 0:07:46]} 34. Nd2 {[%clk 0:13:36]}  Rxf2+ {[%clk 0:07:58]} 35. Rxf2 {[%clk 0:14:01]}  Rxf2+ {[%clk 0:08:23]} 36. Kh1 {[%clk 0:14:27]}  Kf7 {[%clk 0:07:06]} 37. Nc4 {[%clk 0:14:26]}  e4 {[%clk 0:06:34]} 38. Rc3 {[%clk 0:12:11]}  d5 {[%clk 0:01:09]} 39. Nxb6 {[%clk 0:11:55]}  Ke6 {[%clk 0:00:44]} 40. Na4 {[%clk 0:09:04]}  d4 {[%clk 0:00:38]} 41. Rc1 {[%clk 0:08:43]}  d3 {[%clk 0:27:12]} 42. Kg1 {[%clk 0:21:07]}  d2 {[%clk 0:24:52]} 43. Rd1 {[%clk 0:21:19]}  e3 {[%clk 0:24:18]} 44. Nc3 {[%clk 0:21:44]}  Ke5 {[%clk 0:20:11]} 45. b5 {[%clk 0:18:52]}  Rf8 {[%clk 0:15:02]} 46. b6 {[%clk 0:17:12]}  cxb6 {[%clk 0:14:16]} 47. c7 {[%clk 0:17:37]}  Kd4 {[%clk 0:11:52]} 48. Rf1 {[%clk 0:17:11]}  Re8 {[%clk 0:11:08]} 49. Rf7 {[%clk 0:14:23]}  Kd3 {[%clk 0:09:16]} 50. Rd7+ {[%clk 0:12:54]}  Kc2 {[%clk 0:09:31]} 51. Re7 {[%clk 0:12:12]}  Rf8 {[%clk 0:02:48]} 52. Rxe3 {[%clk 0:10:58]}  b5 {[%clk 0:03:03]} 53. Re2 {[%clk 0:10:55]}  Kc1 {[%clk 0:01:44]} 54. Na2+ {[%clk 0:10:32]}  Kc2 {[%clk 0:01:38]} 55. Nc3 {[%clk 0:10:49]}  Kc1 {[%clk 0:01:14]} 56. Na2+ {[%clk 0:10:23]}  Kc2 {[%clk 0:01:28]} 57. Nc3 {[%clk 0:09:26]} 1/2-1/2

[Event "45th FIDE Chess Olympiad Open"]
[Site "Budapest, Hungary"]
[Date "2024.09.21"]
[Round "10"]
[White "Bok, Benjamin"]
[Black "Sebenik, Matej"]
[Result "0-1"]
[Board "20"]
[WhiteFideId "1017063"]
[BlackFideId "14602296"]
[WhiteTitle "GM"]
[BlackTitle "GM"]
[WhiteElo "2596"]
[BlackElo "2515"]
[WhiteTeam "Netherlands"]
[BlackTeam "Slovenia"]
[WhiteClock "0:20:30"]
[BlackClock "0:29:32"]
[Variant "Standard"]

1. e4 {[%clk 1:30:57]}  c5 {[%clk 1:30:47]} 2. Nf3 {[%clk 1:31:22]}  Nc6 {[%clk 1:31:10]} 3. Bb5 {[%clk 1:31:45]}  d6 {[%clk 1:31:33]} 4. O-O {[%clk 1:32:08]}  Bd7 {[%clk 1:31:49]} 5. Re1 {[%clk 1:32:21]}  Nf6 {[%clk 1:32:02]} 6. c3 {[%clk 1:32:39]}  a6 {[%clk 1:32:23]} 7. Bf1 {[%clk 1:32:58]}  Bg4 {[%clk 1:32:46]} 8. d4 {[%clk 1:31:41]}  cxd4 {[%clk 1:32:53]} 9. cxd4 {[%clk 1:32:07]}  e5 {[%clk 1:32:40]} 10. d5 {[%clk 1:23:07]}  Nd4 {[%clk 1:32:50]} 11. Be3 {[%clk 1:22:53]}  Nxf3+ {[%clk 1:32:50]} 12. gxf3 {[%clk 1:20:47]}  Bd7 {[%clk 1:33:01]} 13. Nc3 {[%clk 1:10:36]}  Be7 {[%clk 1:27:06]} 14. Qb3 {[%clk 1:06:47]}  O-O {[%clk 1:24:32]} 15. Qxb7 {[%clk 0:57:29]}  Nh5 {[%clk 1:20:18]} 16. Kh1 {[%clk 0:43:35]}  f5 {[%clk 1:13:51]} 17. Bh3 {[%clk 0:39:25]}  Rb8 {[%clk 1:10:59]} 18. Qxa6 {[%clk 0:30:24]}  f4 {[%clk 0:30:33]} 19. Bxd7 {[%clk 0:30:44]}  Qxd7 {[%clk 0:30:58]} 20. Bc1 {[%clk 0:30:47]}  Qh3 {[%clk 0:28:33]} 21. Qf1 {[%clk 0:30:28]}  Qh4 {[%clk 0:15:54]} 22. Qg2 {[%clk 0:25:53]}  Rf6 {[%clk 0:16:12]} 23. Rg1 {[%clk 0:25:50]}  Rg6 {[%clk 0:14:19]} 24. Qf1 {[%clk 0:26:11]}  Rh6 {[%clk 0:13:48]} 25. Rg2 {[%clk 0:22:10]}  Qh3 {[%clk 0:09:51]} 26. Qd3 {[%clk 0:11:54]}  Nf6 {[%clk 0:07:50]} 27. Ne2 {[%clk 0:06:40]}  Ng4 {[%clk 0:04:25]} 28. Nxf4 {[%clk 0:04:01]}  exf4 {[%clk 0:04:10]} 29. Bxf4 {[%clk 0:04:29]}  Ne5 {[%clk 0:02:50]} 30. Qc3 {[%clk 0:00:45]}  Rg6 {[%clk 0:01:58]} 31. Rg3 {[%clk 0:00:36]}  Qh5 {[%clk 0:01:53]} 32. Rxg6 {[%clk 0:00:34]}  Nxg6 {[%clk 0:02:13]} 33. Bg3 {[%clk 0:00:41]}  Rf8 {[%clk 0:02:24]} 34. a4 {[%clk 0:00:36]}  Rxf3 {[%clk 0:02:30]} 35. Qc8+ {[%clk 0:00:33]}  Rf8 {[%clk 0:02:57]} 36. Qe6+ {[%clk 0:00:56]}  Kh8 {[%clk 0:03:23]} 37. Kg1 {[%clk 0:01:03]}  Qf3 {[%clk 0:02:36]} 38. Ra3 {[%clk 0:00:32]}  Qe2 {[%clk 0:02:47]} 39. h4 {[%clk 0:00:33]}  Bxh4 {[%clk 0:02:11]} 40. Qxd6 {[%clk 0:00:35]}  Qe1+ {[%clk 0:01:54]} 41. Kh2 {[%clk 0:21:29]}  Bxg3+ {[%clk 0:31:22]} 42. Rxg3 {[%clk 0:21:04]}  Qxf2+ {[%clk 0:29:19]} 43. Rg2 {[%clk 0:20:58]}  Qh4+ {[%clk 0:29:44]} 44. Kg1 {[%clk 0:21:17]}  Qxe4 {[%clk 0:27:31]} 45. Rxg6 {[%clk 0:20:00]}  Qxg6+ {[%clk 0:27:57]} 46. Qxg6 {[%clk 0:19:41]}  hxg6 {[%clk 0:28:23]} 47. a5 {[%clk 0:19:55]}  Rb8 {[%clk 0:28:40]} 48. d6 {[%clk 0:19:46]}  Rxb2 {[%clk 0:28:41]} 49. a6 {[%clk 0:20:10]}  Rb8 {[%clk 0:29:07]} 50. Kf2 {[%clk 0:20:30]}  Kg8 {[%clk 0:29:32]} 0-1

[Event "45th FIDE Chess Olympiad Open"]
[Site "Budapest, Hungary"]
[Date "2024.09.21"]
[Round "10"]
[White "Vachier-Lagrave, Maxime"]
[Black "Vitiugov, Nikita"]
[Result "1-0"]
[Board "21"]
[WhiteFideId "623539"]
[BlackFideId "4152956"]
[WhiteTitle "GM"]
[BlackTitle "GM"]
[WhiteElo "2731"]
[BlackElo "2676"]
[WhiteTeam "France"]
[BlackTeam "England"]
[WhiteClock "0:18:48"]
[BlackClock "0:04:06"]
[Variant "Standard"]

1. e4 {[%clk 1:30:57]}  d6 {[%clk 1:30:06]} 2. d4 {[%clk 1:31:11]}  Nf6 {[%clk 1:30:32]} 3. Nc3 {[%clk 1:31:34]}  e5 {[%clk 1:30:57]} 4. Nf3 {[%clk 1:31:59]}  Nbd7 {[%clk 1:31:23]} 5. Bc4 {[%clk 1:31:12]}  Be7 {[%clk 1:31:48]} 6. O-O {[%clk 1:31:32]}  O-O {[%clk 1:32:13]} 7. a4 {[%clk 1:30:06]}  c6 {[%clk 1:32:32]} 8. Re1 {[%clk 1:30:15]}  a5 {[%clk 1:32:16]} 9. h3 {[%clk 1:25:25]}  exd4 {[%clk 1:31:58]} 10. Nxd4 {[%clk 1:25:49]}  Nc5 {[%clk 1:32:08]} 11. Bf4 {[%clk 1:13:19]}  Be6 {[%clk 1:29:52]} 12. Qe2 {[%clk 1:04:59]}  Bxc4 {[%clk 1:22:45]} 13. Qxc4 {[%clk 1:02:42]}  g6 {[%clk 1:10:39]} 14. Nb3 {[%clk 0:47:51]}  Ne6 {[%clk 1:05:13]} 15. Bh2 {[%clk 0:45:33]}  Qb6 {[%clk 0:57:55]} 16. Rad1 {[%clk 0:45:14]}  Qb4 {[%clk 0:45:27]} 17. Qd3 {[%clk 0:40:04]}  Rad8 {[%clk 0:39:32]} 18. Nd5 {[%clk 0:37:59]}  cxd5 {[%clk 0:39:13]} 19. exd5 {[%clk 0:38:25]}  Nc5 {[%clk 0:28:15]} 20. Nxc5 {[%clk 0:38:34]}  dxc5 {[%clk 0:28:40]} 21. Rxe7 {[%clk 0:38:53]}  Rxd5 {[%clk 0:28:22]} 22. Qe2 {[%clk 0:36:42]}  Qxa4 {[%clk 0:25:39]} 23. Be5 {[%clk 0:28:57]}  Qe4 {[%clk 0:20:12]} 24. Re1 {[%clk 0:29:22]}  Qxe2 {[%clk 0:20:07]} 25. Rxe2 {[%clk 0:29:49]}  Nd7 {[%clk 0:19:48]} 26. Bf4 {[%clk 0:30:11]}  h5 {[%clk 0:16:06]} 27. Rd2 {[%clk 0:28:46]}  Rxd2 {[%clk 0:16:08]} 28. Bxd2 {[%clk 0:29:12]}  Rd8 {[%clk 0:16:27]} 29. Bxa5 {[%clk 0:29:35]}  b6 {[%clk 0:16:52]} 30. Bd2 {[%clk 0:28:00]}  Kf8 {[%clk 0:16:58]} 31. Re1 {[%clk 0:26:37]}  f6 {[%clk 0:16:27]} 32. Bf4 {[%clk 0:25:52]}  Ne5 {[%clk 0:13:39]} 33. Kf1 {[%clk 0:22:39]}  Kf7 {[%clk 0:13:52]} 34. Bxe5 {[%clk 0:22:36]}  fxe5 {[%clk 0:14:18]} 35. Rxe5 {[%clk 0:23:00]}  Rd2 {[%clk 0:14:39]} 36. Re2 {[%clk 0:23:26]}  Rd1+ {[%clk 0:15:07]} 37. Re1 {[%clk 0:23:51]}  Rd2 {[%clk 0:15:27]} 38. Rc1 {[%clk 0:24:16]}  c4 {[%clk 0:12:07]} 39. Ke1 {[%clk 0:22:55]}  Rd5 {[%clk 0:12:33]} 40. b3 {[%clk 0:16:49]}  cxb3 {[%clk 0:02:55]} 41. cxb3 {[%clk 0:17:14]}  Rb5 {[%clk 0:02:34]} 42. Rc3 {[%clk 0:17:14]}  h4 {[%clk 0:00:41]} 43. Re3 {[%clk 0:13:51]}  Kf6 {[%clk 0:28:59]} 44. Kd2 {[%clk 0:37:59]}  Rf5 {[%clk 0:25:16]} 45. Ke2 {[%clk 0:37:18]}  Rc5 {[%clk 0:23:16]} 46. Re4 {[%clk 0:32:00]}  g5 {[%clk 0:18:45]} 47. Rc4 {[%clk 0:28:13]}  Re5+ {[%clk 0:18:52]} 48. Kf3 {[%clk 0:28:37]}  Kf5 {[%clk 0:16:26]} 49. g4+ {[%clk 0:26:07]}  hxg3 {[%clk 0:16:33]} 50. fxg3 {[%clk 0:26:32]}  Rd5 {[%clk 0:15:12]} 51. g4+ {[%clk 0:20:31]}  Ke5 {[%clk 0:14:44]} 52. Ke3 {[%clk 0:20:50]}  Rb5 {[%clk 0:08:58]} 53. b4 {[%clk 0:20:12]}  Kd6 {[%clk 0:05:49]} 54. Kd3 {[%clk 0:18:56]}  Ke6 {[%clk 0:03:56]} 55. Rd4 {[%clk 0:18:30]}  Ke5 {[%clk 0:04:06]} 56. Kc3 {[%clk 0:18:48]} 1-0

[Event "45th FIDE Chess Olympiad Open"]
[Site "Budapest, Hungary"]
[Date "2024.09.21"]
[Round "10"]
[White "Adams, Michael"]
[Black "Bacrot, Etienne"]
[Result "1/2-1/2"]
[Board "22"]
[WhiteFideId "400041"]
[BlackFideId "605506"]
[WhiteTitle "GM"]
[BlackTitle "GM"]
[WhiteElo "2661"]
[BlackElo "2665"]
[WhiteTeam "England"]
[BlackTeam "France"]
[WhiteClock "0:39:39"]
[BlackClock "0:13:34"]
[Variant "Standard"]

1. e4 {[%clk 1:30:56]}  c5 {[%clk 1:28:16]} 2. Nf3 {[%clk 1:31:19]}  e6 {[%clk 1:28:42]} 3. d4 {[%clk 1:30:23]}  cxd4 {[%clk 1:29:05]} 4. Nxd4 {[%clk 1:30:49]}  a6 {[%clk 1:29:31]} 5. Bd3 {[%clk 1:30:24]}  Bc5 {[%clk 1:29:33]} 6. Nb3 {[%clk 1:30:27]}  Ba7 {[%clk 1:29:56]} 7. O-O {[%clk 1:29:25]}  Nc6 {[%clk 1:27:53]} 8. Re1 {[%clk 1:19:15]}  d6 {[%clk 1:25:09]} 9. Be3 {[%clk 1:19:17]}  Bxe3 {[%clk 1:18:14]} 10. Rxe3 {[%clk 1:19:41]}  Nf6 {[%clk 1:18:42]} 11. Nc3 {[%clk 1:15:48]}  O-O {[%clk 1:16:25]} 12. Qd2 {[%clk 1:14:28]}  b5 {[%clk 1:13:43]} 13. Rd1 {[%clk 1:12:13]}  Ra7 {[%clk 1:03:32]} 14. h3 {[%clk 1:07:05]}  Rd7 {[%clk 1:00:17]} 15. a4 {[%clk 1:06:19]}  b4 {[%clk 0:59:56]} 16. Na2 {[%clk 1:03:05]}  Qb6 {[%clk 1:00:20]} 17. Rg3 {[%clk 0:58:48]}  g6 {[%clk 0:59:40]} 18. Qg5 {[%clk 0:52:25]}  Kg7 {[%clk 0:57:26]} 19. a5 {[%clk 0:51:12]}  Qc7 {[%clk 0:53:36]} 20. Rf3 {[%clk 0:48:48]}  Qd8 {[%clk 0:52:15]} 21. Qd2 {[%clk 0:44:44]}  Nxa5 {[%clk 0:50:36]} 22. Qxb4 {[%clk 0:43:58]}  Nxb3 {[%clk 0:48:58]} 23. Qxb3 {[%clk 0:44:17]}  Qa5 {[%clk 0:40:15]} 24. Qc3 {[%clk 0:42:24]}  Qxc3 {[%clk 0:36:27]} 25. Nxc3 {[%clk 0:42:52]}  Rb7 {[%clk 0:25:35]} 26. b3 {[%clk 0:40:19]}  Rc7 {[%clk 0:23:51]} 27. Bc4 {[%clk 0:35:12]}  Bb7 {[%clk 0:21:36]} 28. Rxd6 {[%clk 0:30:07]}  Nxe4 {[%clk 0:21:44]} 29. Nxe4 {[%clk 0:30:11]}  Bxe4 {[%clk 0:22:09]} 30. Re3 {[%clk 0:30:02]}  Bd5 {[%clk 0:21:32]} 31. Bxd5 {[%clk 0:22:08]}  exd5 {[%clk 0:21:55]} 32. Rxa6 {[%clk 0:22:03]}  Rxc2 {[%clk 0:22:13]} 33. Rd6 {[%clk 0:22:25]}  Rc1+ {[%clk 0:10:53]} 34. Kh2 {[%clk 0:22:52]}  Rc5 {[%clk 0:11:18]} 35. Rd7 {[%clk 0:21:24]}  h6 {[%clk 0:06:29]} 36. h4 {[%clk 0:18:34]}  Rb5 {[%clk 0:06:38]} 37. g3 {[%clk 0:17:49]}  g5 {[%clk 0:06:10]} 38. h5 {[%clk 0:12:21]}  g4 {[%clk 0:05:14]} 39. Kg2 {[%clk 0:12:36]}  Kf6 {[%clk 0:04:46]} 40. Rd6+ {[%clk 0:12:07]}  Kg7 {[%clk 0:04:08]} 41. Re7 {[%clk 0:05:06]}  Rxb3 {[%clk 0:15:22]} 42. Rg6+ {[%clk 0:34:42]}  Kh7 {[%clk 0:15:46]} 43. Rxg4 {[%clk 0:34:35]}  Rb6 {[%clk 0:15:13]} 44. Rf4 {[%clk 0:34:23]}  Kg7 {[%clk 0:15:34]} 45. Rd7 {[%clk 0:34:44]}  Rf6 {[%clk 0:15:44]} 46. Kf3 {[%clk 0:33:32]}  Ra8 {[%clk 0:15:42]} 47. Rxd5 {[%clk 0:33:54]}  Ra4 {[%clk 0:15:13]} 48. Rxf6 {[%clk 0:33:29]}  Kxf6 {[%clk 0:15:41]} 49. g4 {[%clk 0:33:43]}  Ra3+ {[%clk 0:15:43]} 50. Kf4 {[%clk 0:34:06]}  Ra4+ {[%clk 0:16:10]} 51. Kg3 {[%clk 0:34:32]}  Ra3+ {[%clk 0:16:35]} 52. f3 {[%clk 0:34:59]}  Ra4 {[%clk 0:17:00]} 53. Rd6+ {[%clk 0:35:19]}  Kg7 {[%clk 0:17:26]} 54. Kf2 {[%clk 0:35:43]}  Ra3 {[%clk 0:17:51]} 55. Ke2 {[%clk 0:36:09]}  Ra2+ {[%clk 0:17:43]} 56. Ke3 {[%clk 0:36:35]}  Ra4 {[%clk 0:18:08]} 57. Rd4 {[%clk 0:36:52]}  Ra3+ {[%clk 0:18:20]} 58. Ke4 {[%clk 0:37:16]}  Rb3 {[%clk 0:18:44]} 59. f4 {[%clk 0:37:29]}  Rg3 {[%clk 0:17:20]} 60. Kf5 {[%clk 0:37:54]}  Rh3 {[%clk 0:17:40]} 61. Rd6 {[%clk 0:37:45]}  Rh1 {[%clk 0:13:08]} 62. g5 {[%clk 0:37:31]}  Rxh5 {[%clk 0:11:56]} 63. Rxh6 {[%clk 0:37:54]}  Rxh6 {[%clk 0:12:24]} 64. gxh6+ {[%clk 0:38:20]}  Kxh6 {[%clk 0:12:51]} 65. Kf6 {[%clk 0:38:46]}  Kh5 {[%clk 0:13:17]} 66. Kxf7 {[%clk 0:39:13]}  Kg4 {[%clk 0:13:43]} 67. Ke8 {[%clk 0:39:39]}  Kxf4 {[%clk 0:13:34]} 1/2-1/2